| 000 | 00959nam a22002415i 4500 | ||
|---|---|---|---|
| 001 | 159439 | ||
| 003 | ES-MaACL | ||
| 005 | 20250815062645.0 | ||
| 008 | 981113s1897 sp |||| | spa d | ||
| 040 |
_aCCPB | B _bspa _cCCPB | B |
||
| 100 | 1 |
_aMeneval, Mgr. de. _9129831 |
|
| 245 | 1 | 0 |
_aMaría Estuardo / _cpor Mgr. de Meneval. Su proceso y degollación / por R. Chantelauce. |
| 260 |
_aMadrid : _bLa España Moderna, _c[s.a.] ( _fImprenta de Felipe Marqués) |
||
| 300 |
_a315 p. ; _c23 cm. |
||
| 490 | 1 | _aBiblioteca de Jurisprudencia, Filosofia é Historia | |
| 594 | _aTít. de la segunda port.: Proceso y degollación de María Estuardo. | ||
| 596 | _aEspaña moderna ejerció ca. 1890-1900. | ||
| 596 | 1 | _aPalau, t. IX, p. 70, lo fecha en 1897. | |
| 600 | 1 | 4 |
_aMaría _bI _cReina de Escocia. _976666 |
| 830 | 0 | 0 |
_aBiblioteca de jurisprudencia, filosofía e historia _9180691 |
| 852 |
_aES-MaACL _jF-14946 _z-- Rúst. |
||
| 999 |
_c159439 _d159439 |
||